El cuento contemporáneo : Rafael Bernal /

Vicente Francisco Torres seleccionó para esta entrega de la colección Material de Lectura, serie El Cuento Contemporáneo, el retrato de Gerónimo de Gálvez, piloto del rey, procedente de Gente de mar y El compadre Santiago, relato perteneciente al volumen Trópico. Precede a la selección una introducc...

Descripció completa

Guardat en:
Dades bibliogràfiques
Autor principal: Bernal, Rafael (autor)
Altres autors: Torres, Vicente Francisco (selección e introducción) (selección e introducción)
Format: Llibre
Idioma:espanyol
Publicat: México : UNAM, Coordinación de Difusión Cultural, 1987, c1987
Col·lecció:(Material de Lectura. El Cuento Contemporáneo ; 50)
Matèries:
Etiquetes: Afegir etiqueta
Sense etiquetes, Sigues el primer a etiquetar aquest registre!

MARC

LEADER 00000nam^a2200000^a^4500
001 000193367
005 20250521000000.0
009 20260310102640.234
020 |a 968-36-0218-5 
025 |a Donación sin dato, 1 ejemplar 
037 |a Acervo ITESO - Biblioteca 
041 |a ESP 
082 |a 808. 8  |b MAT CUE V. 50 
100 |a Bernal, Rafael  |e (autor) 
240 1 4 |a [El Cuento Contemporáneo] 
245 1 3 |a El cuento contemporáneo :  |b Rafael Bernal /  |c R. Bernal ; selec. e introd. de V.F. Torres. 
264 4 |a México :  |b UNAM, Coordinación de Difusión Cultural,  |c 1987, c1987 
300 |a 25 p. 
336 |a texto  |b txt  |2 rdacontenido 
337 |a sin mediación  |b n  |2 rdamedio 
338 |a volumen  |b nc  |2 rdasoporte 
440 1 |a (Material de Lectura.  |p El Cuento Contemporáneo ;  |v 50) 
520 |a Vicente Francisco Torres seleccionó para esta entrega de la colección Material de Lectura, serie El Cuento Contemporáneo, el retrato de Gerónimo de Gálvez, piloto del rey, procedente de Gente de mar y El compadre Santiago, relato perteneciente al volumen Trópico. Precede a la selección una introducción del propio Torres. 
649 |a XX 
650 |a Cuentos Mexicanos 
650 |a Literatura Mexicana -  |y Siglo XX 
700 |a Torres, Vicente Francisco  |e (selección e introducción) 
910 |a Fondo General 
920 |a Impresos - Libros 
930 |a Colección General 
940 |a Literatura 
905 |a 101 
901 |a 0500138096  |b IT1  |c LIT  |i D  |u 20250521 
902 |a https://opac.biblio.iteso.mx/vufind/Record/000193367